| 000 | 00374nam a22001577a 4500 | ||
|---|---|---|---|
| 003 | SGT | ||
| 020 | _a935164957-1 | ||
| 082 |
_a333.1 _bTIW |
||
| 100 | _aTIWARI, DR. RUCHI | ||
| 245 | _aINTELLECTUAL PROPERTY RIGHTS AND DRUG REGULATORY AFFAIRS | ||
| 250 | _a4TH | ||
| 260 |
_aINDIA _bNIRALI PUB. _c2024 |
||
| 300 | _a23.12 | ||
| 650 | _aPROPERTY RIGHTS | ||
| 942 |
_2ddc _cBK |
||
| 999 |
_c29456 _d29456 |
||